| 000 | 00346 a2200145 4500 | ||
|---|---|---|---|
| 001 | 149105 | ||
| 040 | _cEscola São Tomás de Aquino | ||
| 100 | _aRIBEIRO, Jonas | ||
| 240 | 1 | 0 |
_aGente que mora dentro da gente _lpor |
| 245 | 1 | 0 | _aGente que mora dentro da gente |
| 300 | _a19 | ||
| 362 | 0 | _a2001 | |
| 697 | _a*LITERATURA INFANTO | ||
| 942 | _cBK | ||
| 999 |
_c149105 _d149105 |
||